|
|
|
|
| LEADER |
00638nab a2200193 i 4500 |
| 001 |
publ37981 |
| 005 |
20251021125257.0 |
| 008 |
251020s1995 hu o 000 hun d |
| 022 |
|
|
|a 0133-1167
|
| 024 |
7 |
|
|a 2417965
|2 mtmt
|
| 040 |
|
|
|a SZTE Publicatio Repozitórium
|b hun
|
| 041 |
|
|
|a hun
|
| 100 |
1 |
|
|a Szabó Gábor
|
| 245 |
1 |
0 |
|a Fekete lapok
|h [elektronikus dokumentum] /
|c Szabó Gábor
|
| 260 |
|
|
|c 1995
|
| 300 |
|
|
|a 71-75
|
| 490 |
0 |
|
|a TISZATÁJ: IRODALMI MŰVÉSZETI ÉS TÁRSADALMI FOLYÓIRAT
|v 49 No. 11
|
| 650 |
|
4 |
|a Nyelvek és irodalom
|
| 856 |
4 |
0 |
|u http://publicatio.bibl.u-szeged.hu/37981/1/tiszataj_1995_011_071-075.pdf
|z Dokumentum-elérés
|